[Event "Moncada Cup-E"]
[Site "Santiago de Cuba"]
[Date "2018.03.26"]
[Round "9"]
[White "Armesto Casali, Alejandro"]
[Black "Robles Cordero, David Rafael"]
[Result "1-0"]
[WhiteElo "2083"]
[BlackElo "1968"]
[PlyCount "61"]
[EventDate "2018.03.20"]
[EventType "tourn"]
[EventRounds "10"]
[EventCountry "CUB"]
[SourceTitle "EXT 2021"]
[Source "ChessBase"]
[SourceDate "2020.10.23"]
[SourceVersion "1"]
[SourceVersionDate "2020.10.23"]
[SourceQuality "1"]

1. e4 e6 2. d4 d5 3. Nc3 Nf6 4. e5 Nfd7 5. f4 c5 6. Nf3 Nc6 7. Be3 Qb6 8. Na4 Qa5+ 9. c3 c4 10. b4 Qc7 11. Nc5 b6 12. Nxd7 Bxd7 13. Be2 Be7 14. 0-0 0-0 15. a4 f5 16. exf6 Rxf6 17. Qb1 h6 18. b5 Nd8 19. Ne5 Nf7 20. Ng4 Rf5 21. Bd1 Nd6 22. Bc2 Rff8 23. Bh7+ Kh8 24. Ne5 Be8 25. g4 Bf6 26. Qc2 Bxe5 27. fxe5 Nf7 28. Rf3 Qe7 29. Raf1 Bd7 30. Bg6 Kg8 31. Bxf7+ 1-0

[Event "Moncada Cup-E"]
[Site "Santiago de Cuba"]
[Date "2018.03.25"]
[Round "8"]
[White "Cabrera Ladron de Guevara, Mayra"]
[Black "Armesto Casali, Alejandro"]
[Result "1-0"]
[WhiteElo "2053"]
[BlackElo "2083"]
[PlyCount "107"]
[EventDate "2018.03.20"]
[EventType "tourn"]
[EventRounds "10"]
[EventCountry "CUB"]
[SourceTitle "EXT 2021"]
[Source "ChessBase"]
[SourceDate "2020.10.23"]
[SourceVersion "1"]
[SourceVersionDate "2020.10.23"]
[SourceQuality "1"]

1. e4 c5 2. Nf3 d6 3. d4 cxd4 4. Nxd4 Nf6 5. Nc3 a6 6. f3 e6 7. Be3 b5 8. Qd2 Nbd7 9. a4 b4 10. Nce2 d5 11. Nc6 Qc7 12. Nxb4 dxe4 13. Nd4 Bb7 14. Be2 Be7 15. 0-0 0-0 16. c3 Rfd8 17. Qe1 Nc5 18. fxe4 Ncxe4 19. Qh4 Nc5 20. Kh1 Nfe4 21. Qg4 f5 22. Qh5 Nf6 23. Qh3 g6 24. Bc4 Nd5 25. Nxd5 exd5 26. Ba2 Re8 27. a5 Ne4 28. Ne6 Qd7 29. Nf4 Qb5 30. Rad1 Rad8 31. Bb6 Rd6 32. Nd3 Bd8 33. Bd4 Qxa5 34. Nb4 Bb6 35. Qh6 Bxd4 36. Rxd4 Nf2+ 37. Kg1 Ng4 38. Qf4 Qb6 39. h3 Nf6 40. Qf3 a5 41. Nd3 Ne4 42. Qf4 Ba6 43. Rd1 Kg7 44. Kh2 Bxd3 45. R1xd3 Re7 46. Rxd5 Rxd5 47. Rxd5 Qxb2 48. Rxa5 Qxc3 49. Ra8 h5 50. Rg8+ Kh7 51. Ra8 Qc6 52. Rh8+ Kg7 53. Qh6+ Kf6 54. Qf8+ 1-0

[Event "Moncada Cup-E"]
[Site "Santiago de Cuba"]
[Date "2018.03.23"]
[Round "5"]
[White "Armesto Casali, Alejandro"]
[Black "Suarez Aguilera, Omar Eduardo"]
[Result "1-0"]
[WhiteElo "2083"]
[BlackElo "2051"]
[PlyCount "137"]
[EventDate "2018.03.20"]
[EventType "tourn"]
[EventRounds "10"]
[EventCountry "CUB"]
[SourceTitle "EXT 2021"]
[Source "ChessBase"]
[SourceDate "2020.10.23"]
[SourceVersion "1"]
[SourceVersionDate "2020.10.23"]
[SourceQuality "1"]

1. e4 c6 2. d4 d5 3. e5 Bf5 4. Nf3 e6 5. Be2 Nd7 6. 0-0 Ne7 7. Nbd2 Ng6 8. Nb3 f6 9. exf6 Qxf6 10. Bg5 Qf7 11. Re1 Bd6 12. Nbd2 h6 13. Be3 0-0 14. Nf1 Nf4 15. Bxf4 Bxf4 16. Ng3 Be4 17. Bd3 Bxf3 18. Qxf3 e5 19. Qg4 e4 20. Be2 Rae8 21. Rf1 Bc7 22. Rad1 Re6 23. Qh3 Nf6 24. c3 Nh7 25. Bh5 Qe7 26. Bg4 Rg6 27. Rde1 Rf4 28. f3 Ng5 29. Qh5 Rgf6 30. Ne2 Kh7 31. Nxf4 Rxf4 32. Kh1 g6 33. Qh4 h5 34. g3 Rf7 35. f4 Kg7 36. Bxh5 gxh5 37. Qxg5+ Qxg5 38. fxg5 Re7 39. Rf6 Bb6 40. b4 a5 41. a3 axb4 42. axb4 Re8 43. Kg2 Bd8 44. Rf5 Kg6 45. Ref1 Bxg5 46. Re5 Ra8 47. b5 Bd2 48. bxc6 bxc6 49. Re6+ Kg7 50. Rxc6 Ra2 51. Rf2 Rc2 52. Rc5 e3 53. Re2 Kg6 54. Kf3 Rc1 55. Rxd5 Rxc3 56. Re5 Rc4 57. R2xe3 Bxe3 58. Kxe3 Rc2 59. h4 Rc1 60. Rg5+ Kh6 61. Ke4 Re1+ 62. Kf5 Rd1 63. Ke5 Re1+ 64. Kd6 Ra1 65. d5 Ra6+ 66. Ke7 Ra7+ 67. Ke6 Ra1 68. d6 Re1+ 69. Re5 1-0

[Event "Bayamo Cespedes tt"]
[Site "Bayamo"]
[Date "2018.03.05"]
[Round "9.3"]
[White "Armesto Casali, Alejandro"]
[Black "Antunez, Soler Luis"]
[Result "0-1"]
[WhiteElo "2083"]
[BlackElo "2148"]
[PlyCount "93"]
[EventDate "2018.03.01"]
[EventType "team-tourn"]
[EventRounds "10"]
[EventCountry "CUB"]
[EventCategory "1"]
[SourceTitle "CBM 195 Extra"]
[Source "ChessBase"]
[SourceDate "2020.05.31"]
[SourceVersion "1"]
[SourceVersionDate "2020.05.31"]
[SourceQuality "1"]

1. d4 d5 2. c4 c6 3. Nc3 Nf6 4. Nf3 dxc4 5. a4 Bf5 6. e3 e6 7. Bxc4 Bb4 8. 0-0 Nbd7 9. h3 Ne4 10. Qb3 a5 11. Rd1 0-0 12. Bd3 Ndc5 13. dxc5 Nxc5 14. Qa2 Bxd3 15. Ne1 Qd7 16. Nxd3 Nxd3 17. Qb1 Rfd8 18. Ne2 e5 19. e4 c5 20. Bg5 f6 21. Be3 Ra6 22. Qc2 Rd6 23. Nc3 Bxc3 24. bxc3 Qe6 25. Rdb1 b6 26. Rb5 Qc4 27. Qb3 Qxb3 28. Rxb3 Rc8 29. Rab1 Rcc6 30. g3 Kf7 31. Kf1 g6 32. Ke2 f5 33. exf5 gxf5 34. f4 Rg6 35. c4 e4 36. Rg1 h5 37. Bd2 Ke7 38. Ke3 Rcd6 39. g4 hxg4 40. hxg4 fxg4 41. f5 Rh6 42. Bc3 Rh3+ 43. Kxe4 Nf2+ 44. Ke5 Rdd3 45. f6+ Kf7 46. Rxb6 Rhe3+ 47. Kf4 0-1

[Event "Bayamo Cespedes tt"]
[Site "Bayamo"]
[Date "2018.03.05"]
[Round "8.2"]
[White "Ordonez Peregrino, Jordan"]
[Black "Armesto Casali, Alejandro"]
[Result "1-0"]
[WhiteElo "2058"]
[BlackElo "2083"]
[PlyCount "141"]
[EventDate "2018.03.01"]
[EventType "team-tourn"]
[EventRounds "10"]
[EventCountry "CUB"]
[EventCategory "1"]
[SourceTitle "CBM 195 Extra"]
[Source "ChessBase"]
[SourceDate "2020.05.31"]
[SourceVersion "1"]
[SourceVersionDate "2020.05.31"]
[SourceQuality "1"]

1. e4 c5 2. f4 d5 3. Bb5+ Bd7 4. Bxd7+ Qxd7 5. exd5 Qxd5 6. Qe2 Nc6 7. Nc3 Qf5 8. Qe4 Qc8 9. Nf3 Nf6 10. Qc4 e6 11. d3 Be7 12. Ne4 0-0 13. Bd2 b6 14. 0-0 Qc7 15. Rae1 Rad8 16. Bc3 Nd5 17. Be5 Qb7 18. Ng3 Ndb4 19. a3 b5 20. Qb3 Nxe5 21. fxe5 Nd5 22. Re4 Qb6 23. Kh1 c4 24. dxc4 bxc4 25. Qxb6 axb6 26. c3 Bc5 27. Rc1 b5 28. Ne2 Nb6 29. Ned4 Bxd4 30. Nxd4 Rd5 31. Rce1 Rc8 32. Kg1 Na4 33. R4e2 Kf8 34. Rf1 Ke8 35. Rf4 Rb8 36. Rh4 h6 37. Rg4 Kf8 38. Rf4 Nc5 39. Rf3 Rb7 40. Kf1 Ke8 41. Rg3 Kf8 42. Rf3 Kg8 43. Rfe3 Nd3 44. Re4 Rc7 45. Nf3 Nc5 46. Rd4 Rcd7 47. Ke1 Nb3 48. Rxd5 Rxd5 49. Re4 Nc1 50. Rd4 Nd3+ 51. Ke2 Rc5 52. b4 Rc8 53. Rxd3 cxd3+ 54. Kxd3 Kf8 55. Nd4 Rb8 56. c4 bxc4+ 57. Kxc4 Ra8 58. b5 Ke8 59. Kb4 Kd7 60. a4 f6 61. exf6 gxf6 62. a5 e5 63. Nc2 e4 64. a6 Kc7 65. Kc5 Rb8 66. Ne3 h5 67. Nd5+ Kd8 68. a7 Rc8+ 69. Kd6 f5 70. b6 f4 71. b7 1-0

[Event "Bayamo Cespedes tt"]
[Site "Bayamo"]
[Date "2018.03.04"]
[Round "6.3"]
[White "Lavigne Lopez, Raul Leonardo"]
[Black "Armesto Casali, Alejandro"]
[Result "1-0"]
[WhiteElo "2155"]
[BlackElo "2083"]
[PlyCount "82"]
[EventDate "2018.03.01"]
[EventType "team-tourn"]
[EventRounds "10"]
[EventCountry "CUB"]
[EventCategory "1"]
[SourceTitle "CBM 195 Extra"]
[Source "ChessBase"]
[SourceDate "2020.05.31"]
[SourceVersion "1"]
[SourceVersionDate "2020.05.31"]
[SourceQuality "1"]

1. d4 Nf6 2. c4 e6 3. Nc3 Bb4 4. f3 d5 5. a3 Be7 6. e4 dxe4 7. fxe4 e5 8. d5 a5 9. Nf3 Bg4 10. Bd3 Nbd7 11. 0-0 0-0 12. Qe1 Bh5 13. Kh1 Re8 14. Bd2 Bg6 15. Bc2 Nh5 16. Ba4 Bc5 17. Nh4 Ra6 18. Bb5 Rd6 19. Na4 c6 20. Bxa5 Qc8 21. Nxc5 Nxc5 22. b4 Nd3 23. Qd2 cxb5 24. c5 Nxc5 25. bxc5 Rf6 26. Nxg6 hxg6 27. Rxf6 Nxf6 28. Qb4 Qd7 29. Rb1 Qg4 30. Re1 Qd7 31. Qb3 Rc8 32. Bb6 Qg4 33. Qd3 Qd7 34. Qg3 Qe8 35. h3 Nd7 36. Rd1 f5 37. Qd3 fxe4 38. Qxb5 Nf6 39. Qxe8+ Rxe8 40. c6 bxc6 41. dxc6 Rc8 1-0

[Event "Bayamo Cespedes tt"]
[Site "Bayamo"]
[Date "2018.03.03"]
[Round "5.1"]
[White "Armesto Casali, Alejandro"]
[Black "Diaz Garcia, Mario Daniel"]
[Result "1-0"]
[WhiteElo "2083"]
[BlackElo "2153"]
[PlyCount "73"]
[EventDate "2018.03.01"]
[EventType "team-tourn"]
[EventRounds "10"]
[EventCountry "CUB"]
[EventCategory "1"]
[SourceTitle "CBM 195 Extra"]
[Source "ChessBase"]
[SourceDate "2020.05.31"]
[SourceVersion "1"]
[SourceVersionDate "2020.05.31"]
[SourceQuality "1"]

1. e4 c5 2. Nf3 d6 3. Bb5+ Nd7 4. c3 Ngf6 5. Qe2 a6 6. Ba4 e5 7. 0-0 Be7 8. d4 b5 9. Bc2 Bb7 10. a4 0-0 11. Bg5 Re8 12. Nbd2 Rb8 13. Rfd1 Qc7 14. Nf1 h6 15. Bxf6 Bxf6 16. dxe5 dxe5 17. Ne3 c4 18. axb5 axb5 19. Nd5 Qc6 20. Nd2 Nb6 21. Nf1 Nxd5 22. exd5 Qb6 23. Qe4 g6 24. h4 Bg7 25. h5 f5 26. Qe3 Bc8 27. Ra7 Qxe3 28. Nxe3 e4 29. d6 Be6 30. hxg6 Rbd8 31. Nd5 Bxd5 32. Rxd5 Re6 33. Rxf5 Rexd6 34. Bxe4 Rxg6 35. Rxb5 Rgd6 36. g3 Re8 37. Bd5+ 1-0

[Event "Bayamo Cespedes tt"]
[Site "Bayamo"]
[Date "2018.03.02"]
[Round "3.2"]
[White "Armesto Casali, Alejandro"]
[Black "Ordonez Peregrino, Jordan"]
[Result "1/2-1/2"]
[WhiteElo "2083"]
[BlackElo "2058"]
[PlyCount "59"]
[EventDate "2018.03.01"]
[EventType "team-tourn"]
[EventRounds "10"]
[EventCountry "CUB"]
[EventCategory "1"]
[SourceTitle "CBM 195 Extra"]
[Source "ChessBase"]
[SourceDate "2020.05.31"]
[SourceVersion "1"]
[SourceVersionDate "2020.05.31"]
[SourceQuality "1"]

1. e4 e5 2. Nf3 Qe7 3. Nc3 c6 4. a4 Nf6 5. d3 h6 6. g3 d6 7. Bg2 Bg4 8. 0-0 Qe6 9. d4 Nbd7 10. d5 cxd5 11. Nb5 Kd8 12. exd5 Qf5 13. Nh4 Qh7 14. f3 Bh5 15. g4 Bg6 16. Nxg6 Qxg6 17. h3 a6 18. Nc3 Be7 19. f4 exf4 20. Bxf4 Re8 21. Ra3 Rc8 22. Rf2 Rc4 23. Rb3 Nc5 24. Bf1 Rxf4 25. Rxf4 Nxb3 26. cxb3 Nd7 27. Qd4 Bg5 28. Re4 f5 29. Rxe8+ Kxe8 30. Qd3 1/2-1/2

[Event "Camaguey Altuna Memorial tt 1st"]
[Site "Camaguey"]
[Date "2017.11.28"]
[Round "1.3"]
[White "Armesto Casali, Alejandro"]
[Black "Charon Mustelier, Manuel"]
[Result "0-1"]
[WhiteElo "2103"]
[BlackElo "2177"]
[PlyCount "46"]
[EventDate "2017.11.28"]
[EventType "team-tourn"]
[EventRounds "10"]
[EventCountry "CUB"]
[SourceTitle "EXT 2024"]
[Source "ChessBase"]
[SourceDate "2023.10.10"]
[SourceVersion "1"]
[SourceVersionDate "2023.10.10"]
[SourceQuality "1"]

1. e4 e5 2. Nf3 Nc6 3. Bb5 f5 4. Nc3 Nf6 5. d3 fxe4 6. dxe4 d6 7. Bg5 Be7 8. Qe2 Bg4 9. 0-0-0 0-0 10. Be3 Kh8 11. h3 Bxf3 12. gxf3 a6 13. Bc4 Nh5 14. Nd5 Bg5 15. c3 Bxe3+ 16. Qxe3 Ne7 17. Rhg1 Nxd5 18. Bxd5 Rb8 19. h4 Qf6 20. Rg5 g6 21. Qa7 Qxf3 22. Bxb7 Qxf2 23. Qxa6 Ng7 0-1

[Event "Moncada Cup"]
[Site "Santiago de Cuba"]
[Date "2017.03.26"]
[Round "7.1"]
[White "Armesto Casali, Alejandro"]
[Black "Sanchez Cuza, Rainier"]
[Result "1/2-1/2"]
[WhiteElo "2078"]
[BlackElo "2099"]
[PlyCount "24"]
[EventDate "2017.03.21"]
[EventType "swiss"]
[EventRounds "10"]
[EventCountry "CUB"]
[SourceTitle "EXT 2023"]
[Source "ChessBase"]
[SourceDate "2022.10.05"]
[SourceVersion "1"]
[SourceVersionDate "2022.10.05"]
[SourceQuality "1"]

1. e4 e5 2. Nf3 Nc6 3. Bc4 Bc5 4. c3 Nf6 5. 0-0 0-0 6. d3 d6 7. Bb3 Be6 8. Bc2 h6 9. h3 a6 10. Be3 Bxe3 11. fxe3 d5 12. exd5 Nxd5 1/2-1/2

[Event "Bayamo Cespedes Memorial op"]
[Site "Bayamo"]
[Date "2017.03.02"]
[Round "2.9"]
[White "Garcia Rivero, Andy Anibal"]
[Black "Armesto Casali, Alejandro"]
[Result "1-0"]
[WhiteElo "1908"]
[BlackElo "2068"]
[PlyCount "69"]
[EventDate "2017.03.01"]
[EventType "swiss"]
[EventRounds "9"]
[EventCountry "CUB"]
[SourceTitle "EXT 2023"]
[Source "ChessBase"]
[SourceDate "2022.10.05"]
[SourceVersion "1"]
[SourceVersionDate "2022.10.05"]
[SourceQuality "1"]

1. d4 Nf6 2. Nf3 g6 3. c4 d5 4. cxd5 Nxd5 5. e4 Nb6 6. Be3 Bg7 7. h3 0-0 8. Nc3 Nc6 9. Bb5 Bd7 10. 0-0 h6 11. Qd2 Kh7 12. Rac1 a6 13. Bxc6 Bxc6 14. b3 a5 15. d5 Bd7 16. a4 Nc8 17. e5 c6 18. Rfd1 Qe8 19. dxc6 Bxc6 20. Nd5 Bxd5 21. Qxd5 e6 22. Qxb7 Ne7 23. Bc5 Nd5 24. Bxf8 Qxf8 25. Rxd5 exd5 26. Rc7 Rb8 27. Qxd5 Kg8 28. e6 Rd8 29. exf7+ Kh7 30. Rd7 Rxd7 31. Qxd7 Qc5 32. g3 Bf8 33. Nd4 Qc1+ 34. Kg2 Qb1 35. Qe8 1-0